Química médica farmacéutica (Record no. 84681)

MARC details
000 -LEADER
campo de control de longitud fija 00685nam a2200181 i 4500
001 - NÚMERO DE CONTROL
campo de control 84681
003 - IDENTIFICADOR DE NÚMERO DE CONTROL
campo de control ES-MaACL
005 - FECHA Y HORA DE LA ÚLTIMA TRANSACCIÓN
campo de control 20230906175052.0
007 - CAMPO FIJO DE DESCRIPCIÓN FÍSICA--INFORMACIÓN GENERAL
campo de control de longitud fija t|
008 - DATOS DE LONGITUD FIJA--INFORMACIÓN GENERAL
campo de control de longitud fija 041123s1949 sp ||||1| spa d
100 1# - ENTRADA PRINCIPAL--NOMBRE DE PERSONA
Nombre de persona Jenkins, Glenn L.
9 (RLIN) 66296
245 10 - MENCIÓN DEL TÍTULO
Título Química médica farmacéutica
Resto del título : (medicamentos orgánicos) /
Mención de responsabilidad, etc. por Glenn L. Jenkins y Walter H. Hartung ; traducción de la tercera edición americana por Juan M. García Marquina.
260 ## - PUBLICACIÓN, DISTRIBUCIÓN, ETC.
Lugar de publicación, distribución, etc. Barcelona :
Nombre del editor, distribuidor, etc. Manuel Marina,
Fecha de publicación, distribución, etc. [1949] (
Fabricante Grijelmo)
300 ## - DESCRIPCIÓN FÍSICA
Extensión VIII, 616 p. ;
Dimensiones 24 cm.
700 1# - ENTRADA AGREGADA--NOMBRE PERSONAL
Nombre de persona Hartung, Walter H.
9 (RLIN) 62007
700 1# - ENTRADA AGREGADA--NOMBRE PERSONAL
Nombre de persona García-Marquina Rodrigo, Juan Marino.
9 (RLIN) 54892
852 ## - LOCALIZACIÓN
Ubicación ES-MaACL
Número de control de estantería D-8593
Sublocalización o colección R.33312
Holdings
Estatus retirado Estado de pérdida Estado de daño No para préstamo Biblioteca de origen Biblioteca actual Ubicación en estantería Fecha de adquisición Fuente de adquisición Total de préstamos Signatura topográfica completa Código de barras Visto por última vez Precio de reemplazo Tipo de ítem Koha
        Biblioteca del Ateneo de Madrid Biblioteca del Ateneo de Madrid Sala Valle Inclán 17/01/2008     D-8593 901088499 23/02/2023 23/02/2023 Libro impreso